|
|
|
|
| LEADER |
00000naa a2200000uu 4500 |
| 001 |
vtls011052191 |
| 003 |
SK-MaSNL |
| 005 |
20260302143607.0 |
| 008 |
210904|1998 xo |||||||||||||||||eng| |
| 015 |
|
|
|a SNBRA
|
| 035 |
|
|
|a (urnnbn)urn:nbn:sk:snk:ar-a0bvm3
|
| 035 |
|
|
|a (uuid)f081d2c4-5a8d-49a3-9fba-8fa2141b0a97
|
| 035 |
|
|
|a urn:nbn:sk:snk-aav2dh
|
| 040 |
|
|
|a SNKBUCL
|b slo
|c SNKBUCL
|e AACR2
|
| 041 |
0 |
|
|a eng
|
| 044 |
|
|
|a xo
|c SK
|
| 100 |
1 |
|
|a Csontó, Július,
|d 1943-
|4 aut
|9 254865
|
| 245 |
1 |
0 |
|a DECLARATIVE CONSTRAINT SYSTEMS - METHODS OF SOLUTION AND REPRESENTATION
|c Július Csontó
|
| 773 |
0 |
|
|t 1. Internal scientific conference of the Faculty of electrical engineering and informatics
|d V Košiciach : Elfa, 1998
|g S. 9-10
|z 8088786770
|
| 958 |
|
|
|a OND
|
| 958 |
|
|
|a article12
|
| 958 |
|
|
|a chapter
|
| 999 |
|
|
|c 1345367
|d 1347297
|